Language Quiz

Random Language or German Quiz

German general words pt II Quiz Stats

 Plays Quiz not verified by Sporcle

Challenge
Share
Tweet
Embed
Score 0/107 Timer 20:00
0 Plays Today
Word Answer % Correct
Stück piece
100%
glasglass
100%
grammgram
100%
Karton carton
100%
kilometerkilometer
100%
klein small
100%
kurz short
100%
lang long
100%
leer empty
100%
Literlitre
100%
Meile mile
100%
nur only
100%
voll full
100%
größesize
80%
mindestensatleast
80%
Päckchenpacket
80%
pro per
80%
Tube tube
80%
wenigstens atleast
80%
rund round
80%
Blitz lightning
80%
Donner thunder
80%
kaum barely
60%
Tütebag
60%
ungefährabout
60%
Dreieck triangle
60%
dreieckig triangular
60%
Kreis circle
60%
Quadrat square
60%
bedeckt covered
60%
feucht moist
60%
gewitter storm
60%
grad degree
60%
heiß hot
60%
Himmel sky
60%
kalt cold
60%
Word Answer % Correct
Klima climate
60%
Mondmoon
60%
nasswet
60%
Nebelfog
60%
nebelig foggy
60%
regen rain
60%
regnento rain
60%
Schauer shower
60%
Schneesnow
60%
schneien to snow
60%
Temperaturtemperature
60%
trocken dry
60%
Wetterbericht weather report
60%
Windwind
60%
Wolke cloud
60%
wolkigcloudy
60%
Eintritt entrance
60%
frei free
60%
geschlossen closed
60%
offenopen
60%
öffnen to open
60%
schließen to close
60%
Fehler error
60%
recht haben to be right
60%
Unrecht haben to be wrong
60%
verbessern to improve
60%
Verbesserung improvement
60%
Baumwolle cotton
60%
Holz wood
60%
lederleather
60%
metallmetal
60%
papierpaper
60%
Plastikplastic
60%
Silbersilver
60%
Wollewool
60%
mittelgroß medium size
40%
Word Answer % Correct
noch yet
40%
Paket package
40%
rechteck rectangle
40%
es donnert it thunders
40%
frieren to be cold
40%
Hagel hail
40%
besetztoccupied
40%
Eiseniron
40%
Seidesilk
40%
irgendat all
20%
Maßmeasurement
20%
mehrere multiple
20%
Mengequantity
20%
messento measure
20%
Packung packaging
20%
Schachtel box
20%
Scheibe disk
20%
sonst otherwise
20%
Stückchen bit
20%
viereckig quadrangular
20%
frisch cool
20%
heftig violently
20%
heiter bright
20%
kühlchilly
20%
Niederschlag rainfall
20%
scheinento seem
20%
Wettervorhersageweather forcast
20%
aufmachen to open
20%
verboten banned
20%
bestehento exist
20%
gewaltig massive
0%
wiegen to way
0%
es blitzt theres lightning
0%
Schatten cloud
0%
schattig cloudy
0%

You're not logged in!

Compare scores with friends on all Sporcle quizzes.
Join for Free
OR
Log In

You Might Also Like...

Show Comments

Extras

Created Jun 20, 2011ReportNominate
Tags:German Quiz

Top Quizzes Today


Score Distribution

Your Account Isn't Verified!

In order to create a playlist on Sporcle, you need to verify the email address you used during registration. Go to your Sporcle Settings to finish the process.

Report this User

Report this user for behavior that violates our Community Guidelines.

Details: